• 首页
  • 本馆介绍
  • 公告通知
  • 最新文献
  • 馆藏检索
  • 电子资源
  • 读者导购
  • 参考咨询
  • 我的图书馆
  • 登录
  • 详细信息显示
  • 放入我的书架
  • 预约/预借图书
  • 作者相关作品
  • 分类相关作品
  • 丛书相关作品
  • 出版社相关作品

书目信息

  • 表格格式
  • 工作单格式
  • 卡片格式
题名:
神奇的蔬果汁
    
 
作者: 李馥 主编
分册:  
出版信息: 乌鲁木齐   新疆人民出版总社  2015
页数: 207页
开本: 24cm
丛书名:
单 册:
中图分类: TS275.54 , R259.441
科图分类:
主题词: 果汁饮料--guo zhi yin liao--制作 , 菜汁--cai zhi--制作 , 高血压--gao xue ya--食物疗法
电子资源:
ISBN: 978-7-5372-6258-3
000 00991nam 2200277 450
001 1748569124
005 20170111155901.40
010    @a978-7-5372-6258-3@dCNY35.00
100    @a20151021d2015 em y0chiy50 ea
101 0  @achi
102    @aCN@b650000
105    @aa z 000yy
106    @ar
200 1  @a神奇的蔬果汁@Ashen qi de shu guo zhi@e改善高血压秘诀@f李馥主编
210    @a乌鲁木齐@c新疆人民出版总社@c新疆人民卫生出版社@d2015
215    @a207页@c彩图@d24cm
330    @a本书主要讲述了蔬果营养丰富, 不仅是我们强身健体的好伙伴, 还有助于我们预防和治疗疾病。书中收录了百种降压的蔬果汁食谱, 让你在满足口欲的同时又避免血压出现问题, 改善身体素质。
517 1  @a改善高血压秘诀@Agai shan gao xue ya mi jue
606 0  @a果汁饮料@Aguo zhi yin liao@x制作
606 0  @a菜汁@Acai zhi@x制作
606 0  @a高血压@Agao xue ya@x食物疗法
690    @aTS275.54@v5
690    @aR259.441@v5
701  0 @a李馥@Ali fu@4主编
801  0 @aCN@b人天书店@c20151021
905    @aBZT@dTS275.54@e1
    
    神奇的蔬果汁:改善高血压秘诀/李馥主编.-乌鲁木齐:新疆人民出版总社:新疆人民卫生出版社,2015
    207页:彩图;24cm
    
    
    ISBN 978-7-5372-6258-3:CNY35.00
    本书主要讲述了蔬果营养丰富, 不仅是我们强身健体的好伙伴, 还有助于我们预防和治疗疾病。书中收录了百种降压的蔬果汁食谱, 让你在满足口欲的同时又避免血压出现问题, 改善身体素质。
●
相关链接 在五车中查询图书 在当当中查询图书 在豆瓣中查询图书


正题名:神奇的蔬果汁     索取号:TS275.54/1         预约/预借

序号 登录号 条形码 馆藏地/架位号 状态 备注
1 822909   2000822909   第二书库/ [索取号:TS275.54/1] 在馆    
2 822910   2000822910   第二书库/ [索取号:TS275.54/1] 在馆    
3 822911   2000822911   第二书库/ [索取号:TS275.54/1] 在馆    
山东省滨州职业学院图书馆 欢迎您!
大连网信软件有限公司© 版权所有